| 000 | 00366cam a22001337a 4500 | ||
|---|---|---|---|
| 008 | 180718b-- xxu||||| |||| 00| 0 eng d | ||
| 082 | _aA42x5453 C | ||
| 100 | _aKerala. Law Department | ||
| 245 | _aThe Kerala code | ||
| 250 | _aIst ed. | ||
| 260 |
_aTrivandrum _bThe author _c-- |
||
| 300 | _a3v. | ||
| 500 | _aContents: v.1. 1965. 921+p.;v.2. 1034+p.;v.3. 1980. 326+p | ||
| 999 |
_c488802 _d488802 |
||